000 00660nam a2200205Ia 4500
001 17894
003 GE_BSU
008 181216s||||||||xx |||||||||||||| ||und||
040 _cGE_BSU
080 _a821.353.1-21
100 _aვაკელი, იონა (იონა ლუკას ძე მეგრელიძე)
245 _aტრაგედიები
245 _bტრაგედია 4 მოქმედებად
260 _aთბილისი
260 _bსაბჭ. საქართველო
260 _c1960
300 _a233 გვ. ; 20 სმ.
653 _aტრაგედიები
942 _cBK
999 _c50937
_d50937